Регионална библиотека "Любен Каравелов" - Русе

Съдба (Запис номер 348438)

MARC детайли
000 -Лидер
Контролно поле с фиксирана дължина nam a22 a 4500
003 - Код на организацията, давaща контролен номер
Контролно поле BLK
005 - Дата и час на последна редакция
Контролно поле 20220228113209.0
008 - Елементи от данни с фиксирана дължина
fixed length control field 200205b bu ||||| |||| 00| 0 bu d
040 ## - Източник на каталожния запис
Идентификатор на билиотеката - собственик на записа BLK
041 ## - Код за език
Код за езика на текст/звукозапис или на отделно заглавие Български
Код за езика КДБФ Български
080 ## - УДК
Текстов определител УДК Българска литература
УДК код - определител по УДК 821.163.2
УДК определител -1
УДК - код + определител 821.163.2-1
100 ## - Редна дума - Автор
Автор Узунова, Петрана
Авторска отговорност първи автор
R(LIN) 1299
139 ## - Редно поле
Редна дума Узунова, Петрана
Авторски знак Узунова - У 34
245 ## - Сведения за заглавието
Заглавие Съдба
Подзаглавни данни Стихове - любовна лирика
Редно поле (дума) Петрана Узунова
260 ## - Област на издателските данни
Място на издаване, разпространение и проч. Русе
Година на издаване 2004
300 ## - Физическа характеристика
Страници 32 с.
Размери/Мащаб 20 см
380 ## - Жанр
Жанр Худож. лит.
852 ## - Местоположение
Фондова буква Краезнание
Систематично-азбучна сигнатура К 886.7/У 34
852 ## - Местоположение
Фондова буква Краезнание
Систематично-азбучна сигнатура К 821.163.2/У 34 П
999 ## - СИСТЕМНИ КОНТРОЛНИ НОМЕРА
Koha biblionumber 348438
Koha biblioitemnumber 348438
942 ## - АРТИКУЛИ
Източник на класификационната схема Universal Decimal Classification
Вид на библиотечния материал Книги
Скрит в OPAC Не
Периодичен библиозапис Да
999 ## - СИСТЕМНИ КОНТРОЛНИ НОМЕРА
Koha biblioitemnumber 348438
999 ## - СИСТЕМНИ КОНТРОЛНИ НОМЕРА
Koha biblioitemnumber 348437
Наличности
Код за отписване Код за изгубен артикул Източник на класификационната схема Код за повреда Коз за рестрикции Код за отдаване Артикулен № Име на библиотеката - собственик Име на библиотеката, в която се намира в момента Статус (Текущо местоположение) Дата на вписване в системата Местоположение - отдел Цена в лева Инвентарен номер Систематично азбучна сигнатура Баркод Цена в евро Служебен тип на артикула
  Не е изгубен Universal Decimal Classification Не е повреден само за читалня ползва се в читалня 755623 Регионална библиотека "Любен Каравелов" Русе Регионална библиотека "Любен Каравелов" Русе Краезнание 2020-02-13 Краезнание 4.00 120000842642 К 821.163.2/У 34 П 120000842642 2.05 Книги
Vip Innovations Ltd, Rousse, Bulgaria 2025